<?xml version="1.0" encoding="UTF-8"?>
<record
    xmlns:xsi="http://www.w3.org/2001/XMLSchema-instance"
    xsi:schemaLocation="http://www.loc.gov/MARC21/slim http://www.loc.gov/standards/marcxml/schema/MARC21slim.xsd"
    xmlns="http://www.loc.gov/MARC21/slim">

  <leader>02740cam a2200349 i 4500</leader>
  <controlfield tag="003">SA-RiAUC</controlfield>
  <controlfield tag="005">20250602100245.0</controlfield>
  <controlfield tag="008">250524s2008    jo     f b    001 0 ara c</controlfield>
  <datafield tag="020" ind1=" " ind2=" ">
    <subfield code="a">9789957230708</subfield>
  </datafield>
  <datafield tag="024" ind1="0" ind2=" ">
    <subfield code="a">00000000985822</subfield>
  </datafield>
  <datafield tag="040" ind1=" " ind2=" ">
    <subfield code="a">QA-DoFIS</subfield>
    <subfield code="b">ara</subfield>
    <subfield code="c">SA-RiAUC</subfield>
    <subfield code="d">AE-DuMBRL</subfield>
    <subfield code="e">rda</subfield>
  </datafield>
  <datafield tag="043" ind1=" " ind2=" ">
    <subfield code="a">a-tu---</subfield>
  </datafield>
  <datafield tag="050" ind1=" " ind2="4">
    <subfield code="b">.Q23 2008</subfield>
  </datafield>
  <datafield tag="082" ind1="0" ind2="4">
    <subfield code="a">346.561</subfield>
    <subfield code="q">SA-RiAUC</subfield>
  </datafield>
  <datafield tag="090" ind1=" " ind2=" ">
    <subfield code="a">346.561 </subfield>
    <subfield code="b">   &#x642; &#x628; &#x62C;</subfield>
  </datafield>
  <datafield tag="100" ind1="1" ind2=" ">
    <subfield code="a">&#x627;&#x644;&#x642;&#x628;&#x62C;&#x60C; &#x633;&#x627;&#x645;&#x631; &#x645;&#x627;&#x632;&#x646; &#x634;&#x631;&#x64A;&#x641;</subfield>
    <subfield code="e">&#x645;&#x624;&#x644;&#x641;.</subfield>
  </datafield>
  <datafield tag="245" ind1="1" ind2="0">
    <subfield code="a">&#x645;&#x62C;&#x644;&#x629; &#x627;&#x644;&#x623;&#x62D;&#x643;&#x627;&#x645; &#x627;&#x644;&#x639;&#x62F;&#x644;&#x64A;&#x629; :</subfield>
    <subfield code="b">&#x645;&#x635;&#x627;&#x62F;&#x631;&#x647;&#x627; &#x648;&#x623;&#x62B;&#x631;&#x647;&#x627; &#x641;&#x64A; &#x642;&#x648;&#x627;&#x646;&#x64A;&#x646; &#x627;&#x644;&#x634;&#x631;&#x642; &#x627;&#x644;&#x625;&#x633;&#x644;&#x627;&#x645;&#x64A; /</subfield>
    <subfield code="c">&#x62A;&#x623;&#x644;&#x64A;&#x641; &#x627;&#x644;&#x62F;&#x643;&#x62A;&#x648;&#x631; &#x633;&#x627;&#x645;&#x631; &#x645;&#x627;&#x632;&#x646; &#x627;&#x644;&#x642;&#x628;&#x62C;.</subfield>
  </datafield>
  <datafield tag="250" ind1=" " ind2=" ">
    <subfield code="a">&#x627;&#x644;&#x637;&#x628;&#x639;&#x629; &#x627;&#x644;&#x623;&#x648;&#x644;&#x649;.</subfield>
  </datafield>
  <datafield tag="264" ind1=" " ind2="1">
    <subfield code="a">&#x639;&#x645;&#x627;&#x646;&#x60C; &#x627;&#x644;&#x623;&#x631;&#x62F;&#x646; :</subfield>
    <subfield code="b">&#x62F;&#x627;&#x631; &#x627;&#x644;&#x641;&#x62A;&#x62D; &#x644;&#x644;&#x62F;&#x631;&#x627;&#x633;&#x627;&#x62A; &#x648;&#x627;&#x644;&#x646;&#x634;&#x631;&#x60C;</subfield>
    <subfield code="c">2008.</subfield>
  </datafield>
  <datafield tag="300" ind1=" " ind2=" ">
    <subfield code="a">374 &#x635;&#x641;&#x62D;&#x629; &#x61B;</subfield>
    <subfield code="c">24 &#xD7; 17 &#x633;&#x645;</subfield>
  </datafield>
  <datafield tag="336" ind1=" " ind2=" ">
    <subfield code="a">&#x646;&#x635;</subfield>
    <subfield code="b">txt</subfield>
    <subfield code="2">rdacontent</subfield>
    <subfield code="3">&#x643;&#x62A;&#x627;&#x628;</subfield>
  </datafield>
  <datafield tag="337" ind1=" " ind2=" ">
    <subfield code="a">&#x628;&#x62F;&#x648;&#x646; &#x648;&#x633;&#x64A;&#x637;</subfield>
    <subfield code="b">n</subfield>
    <subfield code="2">rdamedia</subfield>
  </datafield>
  <datafield tag="338" ind1=" " ind2=" ">
    <subfield code="a">&#x645;&#x62C;&#x644;&#x62F;</subfield>
    <subfield code="b">nc</subfield>
    <subfield code="2">rdacarrier</subfield>
  </datafield>
  <datafield tag="500" ind1=" " ind2=" ">
    <subfield code="a">&#x64A;&#x634;&#x62A;&#x645;&#x644; &#x639;&#x644;&#x649; &#x643;&#x634;&#x627;&#x641;&#x627;&#x62A;.</subfield>
  </datafield>
  <datafield tag="504" ind1=" " ind2=" ">
    <subfield code="a">&#x628;&#x628;&#x644;&#x64A;&#x648;&#x62C;&#x631;&#x627;&#x641;&#x64A;&#x629; : &#x635;&#x641;&#x62D;&#x629; 359-368.</subfield>
  </datafield>
  <datafield tag="520" ind1=" " ind2=" ">
    <subfield code="a">&#x64A;&#x62A;&#x646;&#x627;&#x648;&#x644; &#x643;&#x62A;&#x627;&#x628; (&#x645;&#x62C;&#x644;&#x629; &#x627;&#x644;&#x623;&#x62D;&#x643;&#x627;&#x645; &#x627;&#x644;&#x639;&#x62F;&#x644;&#x64A;&#x629; &#x645;&#x635;&#x627;&#x62F;&#x631;&#x647;&#x627; &#x648;&#x623;&#x62B;&#x631;&#x647;&#x627; &#x641;&#x64A; &#x642;&#x648;&#x627;&#x646;&#x64A;&#x646; &#x627;&#x644;&#x634;&#x631;&#x642; &#x627;&#x644;&#x625;&#x633;&#x644;&#x627;&#x645;&#x64A;) &#x648;&#x627;&#x644;&#x630;&#x64A; &#x642;&#x627;&#x645; &#x628;&#x62A;&#x623;&#x644;&#x64A;&#x641;&#x647; &#x62F;. &#x633;&#x627;&#x645;&#x631; &#x645;&#x627;&#x632;&#x646; &#x627;&#x644;&#x642;&#x628;&#x62C;&#x60C; &#x645;&#x648;&#x636;&#x648;&#x639; (&#x627;&#x644;&#x641;&#x642;&#x647;) &#x647;&#x630;&#x647; &#x627;&#x644;&#x645;&#x62C;&#x644;&#x629; &#x62A;&#x639;&#x62F; &#x645;&#x646; &#x623;&#x647;&#x645;&#x670; &#x645;&#x62D;&#x627;&#x648;&#x644;&#x627;&#x62A; &#x62A;&#x642;&#x646;&#x64A;&#x646; &#x627;&#x644;&#x641;&#x642;&#x647; &#x627;&#x644;&#x625;&#x633;&#x644;&#x627;&#x645;&#x64A;&#x60C; &#x648;&#x64A;&#x638;&#x647;&#x631; &#x641;&#x64A; &#x630;&#x644;&#x643; &#x623;&#x62B;&#x631; &#x627;&#x644;&#x645;&#x630;&#x647;&#x628; &#x627;&#x644;&#x62D;&#x646;&#x641;&#x64A; &#x628;&#x645;&#x627; &#x62A;&#x648;&#x641;&#x631; &#x641;&#x64A;&#x647; &#x645;&#x646; &#x639;&#x648;&#x627;&#x645;&#x644; &#x627;&#x644;&#x627;&#x639;&#x62A;&#x645;&#x627;&#x62F; &#x627;&#x644;&#x631;&#x633;&#x645;&#x64A; &#x644;&#x62F;&#x649; &#x645;&#x624;&#x633;&#x633;&#x629; &#x627;&#x644;&#x62D;&#x643;&#x645;. &#x648;&#x62A;&#x623;&#x62A;&#x64A; &#x647;&#x630;&#x647; &#x627;&#x644;&#x62F;&#x631;&#x627;&#x633;&#x629; &#x644;&#x644;&#x62A;&#x639;&#x631;&#x64A;&#x641; &#x628;&#x645;&#x62C;&#x644;&#x629; &#x627;&#x644;&#x623;&#x62D;&#x643;&#x627;&#x645;&#x60C; &#x628;&#x62F;&#x621; &#x645;&#x646; &#x641;&#x643;&#x631;&#x62A;&#x647;&#x627; &#x648;&#x623;&#x633;&#x628;&#x627;&#x628; &#x638;&#x647;&#x648;&#x631;&#x647;&#x627;&#x60C; &#x62B;&#x645; &#x628;&#x62D;&#x62B;&#x627; &#x641;&#x64A; &#x62A;&#x635;&#x646;&#x64A;&#x641; &#x645;&#x648;&#x627;&#x62F;&#x647;&#x627;&#x60C; &#x648;&#x62A;&#x648;&#x635;&#x64A;&#x641; &#x645;&#x635;&#x627;&#x62F;&#x631;&#x647;&#x627; &#x627;&#x644;&#x645;&#x62E;&#x62A;&#x644;&#x641;&#x629;&#x60C; &#x648;&#x628;&#x64A;&#x627;&#x646; &#x645;&#x639;&#x627;&#x64A;&#x64A;&#x631; &#x627;&#x644;&#x62A;&#x631;&#x62C;&#x64A;&#x62D; &#x627;&#x644;&#x645;&#x62A;&#x628;&#x639;&#x629; &#x641;&#x64A; &#x627;&#x62E;&#x62A;&#x64A;&#x627;&#x631; &#x645;&#x648;&#x627;&#x62F;&#x647;&#x627;&#x60C; &#x648;&#x645;&#x62F;&#x649; &#x627;&#x633;&#x62A;&#x642;&#x627;&#x626;&#x647;&#x627; &#x645;&#x646; &#x627;&#x644;&#x645;&#x630;&#x627;&#x647;&#x628; &#x627;&#x644;&#x623;&#x62E;&#x631;&#x649; &#x63A;&#x64A;&#x631; &#x627;&#x644;&#x62D;&#x646;&#x641;&#x64A;&#x60C; &#x648;&#x645;&#x627; &#x648;&#x636;&#x639; &#x628;&#x639;&#x62F; &#x639;&#x644;&#x64A;&#x647;&#x627; &#x645;&#x646; &#x634;&#x631;&#x648;&#x62D;. &#x648;&#x62A;&#x646;&#x627;&#x648;&#x644;&#x62A; &#x627;&#x644;&#x62F;&#x631;&#x627;&#x633;&#x629; &#x62A;&#x637;&#x648;&#x631; &#x645;&#x648;&#x642;&#x639; &#x627;&#x644;&#x645;&#x62C;&#x644;&#x629; &#x641;&#x64A; &#x62A;&#x634;&#x631;&#x64A;&#x639;&#x627;&#x62A; &#x627;&#x644;&#x634;&#x631;&#x642; &#x627;&#x644;&#x625;&#x633;&#x644;&#x627;&#x645;&#x64A; &#x648;&#x642;&#x648;&#x627;&#x646;&#x64A;&#x646;&#x647;&#x60C; &#x645;&#x646;&#x630; &#x648;&#x636;&#x639; &#x627;&#x644;&#x645;&#x62C;&#x644;&#x629; &#x62D;&#x62A;&#x649; &#x639;&#x635;&#x631;&#x646;&#x627; &#x647;&#x630;&#x627;. &#x62B;&#x645; &#x62A;&#x646;&#x627;&#x648;&#x644;&#x62A; &#x641;&#x64A; &#x641;&#x635;&#x648;&#x644;&#x647;&#x627; &#x627;&#x644;&#x623;&#x62E;&#x64A;&#x631;&#x629; &#x645;&#x627; &#x644;&#x644;&#x645;&#x62C;&#x644;&#x629; &#x645;&#x646; &#x645;&#x632;&#x627;&#x64A;&#x627; &#x648;&#x645;&#x627; &#x639;&#x644;&#x64A;&#x647;&#x627; &#x645;&#x646; &#x645;&#x622;&#x62E;&#x630;&#x60C; &#x648;&#x645;&#x627; &#x637;&#x631;&#x623; &#x639;&#x644;&#x64A;&#x647;&#x627; &#x645;&#x646; &#x62A;&#x639;&#x62F;&#x64A;&#x644;&#x627;&#x62A;.  </subfield>
  </datafield>
  <datafield tag="630" ind1="2" ind2="7">
    <subfield code="a">&#x645;&#x62C;&#x644;&#x629; &#x627;&#x644;&#x623;&#x62D;&#x643;&#x627;&#x645; &#x627;&#x644;&#x639;&#x62F;&#x644;&#x64A;&#x629;</subfield>
    <subfield code="v">&#x62F;&#x631;&#x627;&#x633;&#x629; &#x62D;&#x627;&#x644;&#x629;</subfield>
    <subfield code="2">aucut</subfield>
  </datafield>
  <datafield tag="650" ind1=" " ind2="7">
    <subfield code="a">&#x627;&#x644;&#x642;&#x627;&#x646;&#x648;&#x646; &#x627;&#x644;&#x645;&#x62F;&#x646;&#x64A;</subfield>
    <subfield code="z">&#x62A;&#x631;&#x643;&#x64A;&#x627;</subfield>
    <subfield code="x">&#x62F;&#x648;&#x631;&#x64A;&#x627;&#x62A;</subfield>
    <subfield code="2">aucsh</subfield>
  </datafield>
  <datafield tag="942" ind1=" " ind2=" ">
    <subfield code="2">ddc</subfield>
    <subfield code="c">BOOK</subfield>
    <subfield code="n">0</subfield>
  </datafield>
  <datafield tag="949" ind1=" " ind2=" ">
    <subfield code="a">SA-JeALM</subfield>
    <subfield code="d">250524</subfield>
    <subfield code="u">mohamedma123</subfield>
    <subfield code="n">1</subfield>
  </datafield>
  <datafield tag="952" ind1=" " ind2=" ">
    <subfield code="0">0</subfield>
    <subfield code="1">0</subfield>
    <subfield code="2">ddc</subfield>
    <subfield code="4">0</subfield>
    <subfield code="7">0</subfield>
    <subfield code="a">WAHAB</subfield>
    <subfield code="b">WAHAB</subfield>
    <subfield code="d">2025-06-02</subfield>
    <subfield code="l">0</subfield>
    <subfield code="o">346.561  &#x642; &#x628; &#x62C;</subfield>
    <subfield code="p">000013926</subfield>
    <subfield code="r">2025-06-02 10:03:17</subfield>
    <subfield code="w">2025-06-02</subfield>
    <subfield code="y">BOOK</subfield>
  </datafield>
  <datafield tag="999" ind1=" " ind2=" ">
    <subfield code="c">8659</subfield>
    <subfield code="d">8659</subfield>
  </datafield>
</record>
